000 01384nam a2200253Ia 4500
003 Ost
005 20260507074933.0
008 260507s9999||||xx |||||||||||||| ||und||
040 _cfsecg
041 _aara
082 _a658.15
100 _aالنعيمي، عدنان تايه
_eمؤلف
245 0 _aالادارة المالية النظرية و التطبيق /
_c عدنان تايه النعيمي
250 _aطبعة 2
260 _aعمان:
_bدار المسيرة,
_c2008
300 _a480 صفحة؛
_c24 سم
520 _aنظرية في الادارة المالية و البيئة/تحليل القوائم المالية/مفاهيم اساسية في الادارة المالية/المخاطرة و العائد المتوقع /القيمة الزمنية للنقود/تقييم الاورالق المالية /ادارة راس المال العام و سياساتها/ادارة النقد و الاستثمارات القابلة للتسويق/ادارة الائتمان /ادارة المخزون /التمويل قصير الاجل /الموازنة الرأسمالية /سياسة توزيع الأرباح
653 _aالاوراق المالية
653 _aالتمويل
653 _aراس المال
653 _aمالية
700 _aالساقي، سعدون مهدي
_eمؤلف ثانوي
942 _cكتاب
999 _c41861
_d41861